000 01714cam a22005414i 4500
003 PE-LiUPU
005 20250731170436.0
008 150625s1985 sp r 000 0 spa d
035 _a(Sirsi) a31620
040 _aPE-LiUPU
_bspa
_cPE-LiUPU
_dPE-LiUPU
_erda
049 _aPRUA
082 0 4 _a155
_bQ18
_221
100 1 _aQuarti, Cornelia,
_eautor.
245 1 3 _aEl gran libro de los padres /
_cCornelia Quarti.
264 1 _aBarcelona :
_bGrigalbo,
_c1985.
300 _a
336 _atext
_2rdacontent
337 _aunmediated
_2rdamedia
338 _avolume
_2rdacarrier
505 0 _aEl niño en su desarrollo: La cuenta atras -- El descubrimiento de si mismo -- Las adquisiciones fundamentales -- Al encuentro del mundo y de la escuela -- De la escuela elemental a la pubertad.
526 _aSEG68
526 _aSEG70
526 _aSEG69
526 _aSEG67
526 _aSEG43
526 _aP144
526 _aP143
526 _aP131
526 _aP122
526 _aP120
526 _aP117
526 _aP112
526 _aP110
526 _aP106
526 _aP101
526 _aP80
526 _aP59
526 _aP54
526 _aP35
526 _aP33
526 _aP30
942 _2ddc
_cBOOK
949 _a155 Q18 1
_wDEWEY
_c1
_i24911
_lCCODEBUL1
_mBUL
_p00.00
_r0
_sY
_tBOOK
_u2015-06-25
_xBIBLIOTECA
_zUNKNOWN
_0COMPRA
_o.STAFF. Colección Ciencias de la Salud
994 _aC0
_bPEPRU
596 _a1
999 _a155 Q18 1
_wDEWEY
_c39189
_i24911
_d39189
_e2016-8-16
_f2021-11-3
_g5
_lCCODEBUL1
_mBUL
_n1
_r0
_sY
_tBOOK
_u2015-6-25
_xSALUD
_zUNKNOWN
_0COMPRA
_o.STAFF. Colección Ciencias de la Salud
980 _81
_gALBERTO SANCHEZ Responsable de Automatización